Normal view MARC view
  • Mayor Zaragoza, Federico,

Entry Nombre Personal

Number of records used in: 13

001 - NUMERO DE CONTROL

  • campo de control: 29202

003 - IDENTIFICADOR DE NUMERO DE CONTROL

  • campo de control: UPN

005 - FECHA Y HORA DE LA ÜLTIMA TRANSACCIÓN

  • campo de control: 20210219194401.0

008 - DATOS DE LONGITUD FIJA

  • campo de control de longitud fija: nabaccnnaabn|||||||||| b |nc|||||d

035 ## - NUMERO DE CONTROL

  • Número de control: UPN11000001308

040 ## - FUENTE DE CATALOGACIÓN

  • Lenguaje de catalogación: SPA
  • Agencia de transcripción: UPN

053 #4 - NÚMERO DE CLASIFICACIÓN LC

  • Número de clasificación elemento-número único o número inicial de tramo: PQ6663 A9.67

100 1# - ENCABEZAMIENTO - NOMBRE PERSONAL

  • Nombre personal: Mayor Zaragoza, Federico,
  • Fechas asociadas con el nombre: 1934-

400 1# - VEÁSE - NOMBRE DE PERSONA

  • Personal name: Mayor, Federico,
  • Dates associated with a name: 1934-

670 ## - FUENTE EN LA QUE SE LOCALIZARON DATOS

  • Cita de la fuente: LC/P

680 ## - NOTA PUBLICA DE ACCESO PÚBLICO

  • Frase explicativa de la referencia: Político, bioquímico y escritor español

902 ## - CATALOGADOR

  • Catalogador: DAA/080408